000 00335 a2200157 4500
001 59229
020 _a
040 _cAnchieta - Pituba
100 _aSOUZA, Guilherme Embiruçu de
240 1 0 _aQuímica para a vida
_lpor
245 1 0 _aQuímica para a vida
300 _a154
362 0 _a2006
650 4 _aQuímica
942 _cBK
999 _c59229
_d59229